[Event "IRI-ch sf"]
[Site "Lorestan"]
[Date "2019.11.11"]
[Round "6"]
[White "Baneshi, Mahan"]
[Black "Gholami Orimi, Mahdi"]
[Result "0-1"]
[WhiteElo "2149"]
[BlackElo "2437"]
[PlyCount "84"]
[EventDate "2019.11.08"]
[EventType "swiss"]
[EventRounds "9"]
[EventCountry "IRI"]
[SourceTitle "CBM 193 Extra"]
[Source "ChessBase"]
[SourceDate "2020.01.31"]
[SourceVersion "1"]
[SourceVersionDate "2020.01.31"]
[SourceQuality "1"]

1. d4 Nf6 2. c4 e6 3. Nc3 Bb4 4. Qc2 b6 5. e4 c5 6. d5 Qe7 7. Nge2 exd5 8. exd5 0-0 9. Bg5 d6 10. 0-0-0 h6 11. Bd2 Ng4 12. Be1 Nd7 13. h3 Ngf6 14. Ng3 Qd8 15. Bd2 a6 16. Nf5 Ne5 17. f4 Ng6 18. g4 Bxc3 19. bxc3 Bxf5 20. Qxf5 b5 21. g5 hxg5 22. fxg5 Nd7 23. h4 Nge5 24. h5 Qa5 25. Kb1 bxc4 26. Ka1 Rab8 27. Bg2 Rb5 28. Qc2 Nd3 29. Rb1 Rfb8 30. Rxb5 Rxb5 31. Rb1 N7e5 32. Be4 Qb6 33. Rxb5 axb5 34. g6 Qa7 35. Bf5 b4 36. gxf7+ Kxf7 37. Kb1 Kf6 38. Be6 Qa3 39. cxb4 cxb4 40. Bc1 Qxc1+ 41. Qxc1 Nxc1 42. Kxc1 Kg5 0-1

[Event "IRI-ch sf"]
[Site "Lorestan"]
[Date "2019.11.10"]
[Round "4"]
[White "Nazari, Arad"]
[Black "Baneshi, Mahan"]
[Result "0-1"]
[WhiteElo "2334"]
[BlackElo "2149"]
[PlyCount "74"]
[EventDate "2019.11.08"]
[EventType "swiss"]
[EventRounds "9"]
[EventCountry "IRI"]
[SourceTitle "CBM 193 Extra"]
[Source "ChessBase"]
[SourceDate "2020.01.31"]
[SourceVersion "1"]
[SourceVersionDate "2020.01.31"]
[SourceQuality "1"]

1. e4 c5 2. Nf3 Nc6 3. Bb5 g6 4. 0-0 Bg7 5. Re1 e5 6. Bxc6 dxc6 7. d3 Qe7 8. Be3 Nf6 9. h3 0-0 10. Qd2 Ne8 11. a3 a5 12. Nc3 a4 13. b4 axb3 14. cxb3 b6 15. b4 Nc7 16. Qc2 Ba6 17. Red1 f5 18. Na4 f4 19. Bd2 Rad8 20. Bc3 g5 21. Nxb6 h5 22. Nh2 g4 23. Qe2 f3 24. gxf3 Ne6 25. Qa2 gxf3 26. Kh1 Kh7 27. Nc4 Nf4 28. Bd2 Nxh3 29. Be3 Bh6 30. Bxh6 Kxh6 31. Ne3 Bc8 32. Rac1 Qh4 33. Rf1 Rg8 34. Rxc5 Rg6 35. Nf5+ Bxf5 36. Qd2+ Nf4 37. Rxe5 Rg2 0-1

[Event "Hamedan op 17th"]
[Site "Hamedan"]
[Date "2018.08.11"]
[Round "4"]
[White "Pilvaieh, Ali"]
[Black "Baneshi, Mahan"]
[Result "1-0"]
[WhiteElo "2201"]
[BlackElo "2022"]
[PlyCount "125"]
[EventDate "2018.08.09"]
[EventType "swiss"]
[EventRounds "11"]
[EventCountry "IRI"]
[SourceTitle "CBM 186 Extra"]
[Source "ChessBase"]
[SourceDate "2018.08.24"]
[SourceVersion "1"]
[SourceVersionDate "2018.08.24"]
[SourceQuality "1"]

1. d4 Nf6 2. Bf4 c5 3. e3 g6 4. Nf3 Bg7 5. Be2 0-0 6. 0-0 d5 7. c3 Nc6 8. h3 Qb6 9. Qb3 c4 10. Qa3 Ne4 11. b3 cxb3 12. axb3 Re8 13. Qb2 Bf5 14. Na3 Na5 15. b4 a6 16. Rfc1 Nc6 17. Nc2 a5 18. b5 Rec8 19. Na3 Be6 20. Rab1 Nd8 21. c4 dxc4 22. Bxc4 Bxc4 23. Rxc4 Ne6 24. Be5 Bxe5 25. Nxe5 Nd6 26. Rcc1 Qd8 27. Qb3 b6 28. Rc6 a4 29. Qd5 Nc7 30. Qa2 e6 31. Qc2 Nd5 32. Nec4 Nxc4 33. Qxc4 Ne7 34. Rxc8 Qxc8 35. Rc1 Qf8 36. Qb4 Qd8 37. e4 Qd7 38. Rc4 f5 39. f3 fxe4 40. fxe4 Ra7 41. Qc3 Qd6 42. Qb4 Qf4 43. Qe1 Rc7 44. Qf2 Qxf2+ 45. Kxf2 Rxc4 46. Nxc4 Nc8 47. Ke3 Na7 48. Na3 Kf7 49. Kd3 Kf6 50. Kc4 Kg5 51. d5 exd5+ 52. Kxd5 Kf6 53. Kd6 Nc8+ 54. Kc7 Ne7 55. Nc4 a3 56. Nxa3 Ke5 57. Kd8 Ng8 58. Nc4+ Kxe4 59. Nxb6 Nh6 60. Nc4 Nf5 61. b6 Nd4 62. Kd7 Nb3 63. Nd2+ 1-0

[Event "Asia-ch U20"]
[Site "Shiraz"]
[Date "2017.05.03"]
[Round "1"]
[White "Baneshi, Mahan"]
[Black "Firouzja, Alireza"]
[Result "0-1"]
[WhiteElo "1971"]
[BlackElo "2487"]
[PlyCount "100"]
[EventDate "2017.05.03"]
[EventType "swiss"]
[EventRounds "9"]
[EventCountry "IRI"]
[SourceTitle "CBM 178 Extra"]
[Source "ChessBase"]
[SourceDate "2017.06.22"]
[SourceVersion "1"]
[SourceVersionDate "2017.06.22"]
[SourceQuality "1"]

1. d4 Nf6 2. c4 g6 3. f3 Nh5 4. Nh3 Bg7 5. Nc3 0-0 6. Nf2 f5 7. e4 fxe4 8. Nfxe4 c6 9. Bg5 h6 10. Be3 d5 11. cxd5 cxd5 12. Qb3 e6 13. Nf2 Nc6 14. Rd1 Kh7 15. Ng4 Qd6 16. Be2 Nf4 17. 0-0 h5 18. Nf2 Nxe2+ 19. Nxe2 b6 20. Nh3 Ba6 21. Rfe1 Rae8 22. Ng5+ Kg8 23. f4 Ne7 24. g3 Nf5 25. Bf2 Qd7 26. Kg2 Rc8 27. Ng1 Rfe8 28. N1f3 Bc4 29. Qb4 Bxa2 30. Ra1 Bc4 31. h3 Nd6 32. Ne5 Bxe5 33. Rxe5 Bd3 34. g4 hxg4 35. hxg4 Nf7 36. Nxf7 Qxf7 37. Qd2 Be4+ 38. Kg3 Rc2 39. Qe3 Rxb2 40. Rxe4 dxe4 41. Qxe4 Rc8 42. Rh1 Rf8 43. Be3 Rb3 44. Rh6 Kg7 45. f5 exf5 46. gxf5 Qxf5 47. Qe7+ Rf7 48. Qe8 Qg5+ 49. Kh2 Rb2+ 50. Kh3 Rf3# 0-1

[Event "Asian Schools-ch U13 12th Blitz"]
[Site "Tehran"]
[Date "2016.07.16"]
[Round "6.3"]
[White "Baneshi, Mahan"]
[Black "Nurmamedov, Azat"]
[Result "0-1"]
[WhiteElo "1773"]
[BlackElo "1697"]
[PlyCount "148"]
[EventDate "2016.07.16"]
[EventType "swiss (blitz)"]
[EventRounds "9"]
[EventCountry "IRI"]
[SourceTitle "EXT 2024"]
[Source "ChessBase"]
[SourceDate "2023.10.10"]
[SourceVersion "1"]
[SourceVersionDate "2023.10.10"]
[SourceQuality "1"]

1. d4 Nf6 2. c4 e6 3. Nc3 Bb4 4. Qc2 0-0 5. e4 c5 6. e5 cxd4 7. a3 dxc3 8. axb4 cxb2 9. Bxb2 Ne8 10. Nf3 h6 11. Be2 b6 12. 0-0 Bb7 13. b5 Nc7 14. Ba3 Re8 15. Bd6 a6 16. bxa6 Ncxa6 17. Rfb1 Nc6 18. Bd3 Nc5 19. Rxa8 Bxa8 20. Bxc5 bxc5 21. Be4 Nb4 22. Qe2 Bxe4 23. Qxe4 d5 24. exd6 Qxd6 25. Ne5 Rd8 26. Re1 Qd4 27. Qf3 f6 28. Nc6 Qd2 29. Rf1 Re8 30. Nxb4 Qxb4 31. Qe4 Qb6 32. h4 Rd8 33. h5 Rd4 34. Qe2 Qa6 35. Re1 e5 36. Rc1 Qe6 37. f3 Qf5 38. Ra1 Qxh5 39. Ra8+ Kh7 40. Qc2+ Qg6 41. Rh8+ Kxh8 42. Qxg6 Rxc4 43. Qe8+ Kh7 44. Qb5 Rd4 45. Qb1+ Kg8 46. Kf2 c4 47. Qc2 Kf7 48. Ke3 Kg8 49. Qa2 Rd3+ 50. Ke2 Rd4 51. Qa8+ Kh7 52. Qc8 Rf4 53. g3 Rd4 54. Qf5+ Kg8 55. Qe6+ Kh7 56. Qf5+ Kg8 57. Qc8+ Kh7 58. Qa6 Kg8 59. Qa3 Kh7 60. Qc3 g5 61. Qc2+ Kg7 62. Qb2 Kg6 63. Qb1+ Kg7 64. Qb7+ Kg6 65. Qb4 h5 66. Qb1+ Kf7 67. Qb7+ Kg6 68. Qb1+ Kg7 69. Ke3 Rd3+ 70. Ke2 Rd4 71. Qf5 h4 72. Qd7+ Rxd7 73. Ke3 c3 74. Ke2 c2 0-1